[Event "FIDE Chesscom Grand Swiss 2019"]
[Site "Douglas-Isle of Man"]
[Date "2019.10.17"]
[Round "7.31"]
[White "Dreev, Aleksey"]
[Black "Deac, Bogdan-Daniel"]
[Result "1-0"]
[WhiteElo "2662"]
[BlackElo "2613"]
[Annotator "TA"]
[PlyCount "113"]
[EventDate "2019.10.10"]
[EventType "swiss"]
[EventCountry "GBR"]
[SourceTitle "playchess.com"]
[Source "ChessBase"]
[SourceQuality "1"]

{[%evp 14,113,33,21,23,0,22,41,71,86,78,65,65,69,74,50,114,125,118,121,129,112,115,121,148,131,143,135,166,151,179,153,158,123,125,122,269,269,262,269,269,269,269,262,259,220,304,236,236,230,225,244,256,251,251,262,261,258,247,252,249,245,242,226,240,240,238,227,237,244,225,226,246,249,233,230,339,339,330,319,293,272,286,244,345,345,345,345,362,356,442,437,529,529,512,510,686,686,670,668,686,559]} 1. d4 Nf6 2. Nf3 g6 3. g3 Bg7 4. Bg2 O-O 5. O-O d5 6. c4 dxc4 7. Na3 c5 8. dxc5 c3 {D77: Fianchetto Grünfeld: 6 0-0: Replies other than 6...c6} 9. Nd4 (9. Nb5 Na6 10. Nxc3 Nxc5 11. Be3 Nfe4 12. Nxe4 Nxe4 13. Bd4 Bxd4 14. Qxd4 Qxd4 15. Nxd4 Nd6 16. Rfc1 Rd8 17. f4 Bg4 18. h3 Bd7 19. Kf2 Rac8 20. b3 b6 {½-½ (20) Rapport,R (2747)-Ding,L (2805) Saint Louis 2019}) 9... Nd5 10. Nab5 $146 ({Predecessor:} 10. e4 cxb2 11. Bxb2 Nb4 12. Rb1 N8a6 13. Ba1 Qa5 14. Qb3 Rd8 15. e5 Qc7 16. Nab5 Qd7 17. Rfd1 Qe8 18. e6 f6 19. Nd6 Rxd6 20. cxd6 exd6 21. a3 {1-0 (21) Taimanov,M (2425)-Urban,K (2490) Koszalin 1997}) 10... Nc7 {White is slightly better.} 11. bxc3 Nxb5 12. Nxb5 {Hoping for Qxd8.} Qa5 13. Rb1 a6 14. Nd4 {Qb3 is the strong threat.} Qxa2 (14... Qxc5 $14 15. Qb3 (15. Bxb7 Bxb7 16. Rxb7 Qxc3 $14) 15... Nc6) 15. Bg5 $16 e5 16. c6 bxc6 17. Nxc6 Nxc6 18. Bxc6 Bh3 19. Bxa8 Rxa8 20. Re1 Be6 21. Qd3 a5 22. Red1 h6 23. Ra1 Qb3 24. Be3 Qb7 {[#]} (24... Qb8 $16 25. c4 Qb4) 25. Rxa5 $1 $18 {[%mdl 576] Deflection, Decoy} Rxa5 26. Qd8+ {[%mdl 64] Double Attack} Kh7 27. Qxa5 Qb2 28. Re1 e4 29. Qb4 Qc2 30. c4 Qxc4 31. Qxc4 Bxc4 {[%mdl 4096] Endgame KRB-KB} 32. Kf1 g5 33. Rd1 Kg6 34. Rd6+ Be6 35. Bd4 Bf8 36. Rd8 Be7 37. Rg8+ Kf5 38. Kg2 Bc4 39. Re8 Bd6 40. Kf1 Be6 41. Rh8 Kg6 42. Ke1 Bb4+ {[#]} 43. Kd1 $1 h5 44. Kc2 f5 (44... f6 {might work better.} 45. Rb8 Be7) 45. Rb8 Be7 46. Rb6 Kf7 47. Rb7 {Black must now prevent Bc5.} Ke8 48. Kc3 h4 (48... f4 {keeps fighting.} 49. gxf4 gxf4) 49. gxh4 gxh4 50. Be5 Bf7 51. Kd4 Bh5 52. e3 {White is clearly winning.} Bf7 53. Rb6 Bd8 54. Ra6 Kd7 55. Bf6 Bc7 56. Bxh4 Bxh2 57. Bg3 {Accuracy: White = 93%, Black = 41%.} 1-0

[Event "FIDE Chesscom Grand Swiss 2019"]
[Site "Douglas-Isle of Man"]
[Date "2019.10.15"]
[Round "7.31"]
[White "Sebag, Marie"]
[Black "Durarbayli, Vasif"]
[Result "0-1"]
[WhiteElo "2445"]
[BlackElo "2617"]
[Annotator "TA"]
[PlyCount "104"]
[EventDate "2019.10.10"]
[EventType "swiss"]
[EventCountry "GBR"]
[SourceTitle "playchess.com"]
[Source "ChessBase"]
[SourceQuality "1"]

{[%evp 13,104,13,21,15,20,-5,22,-7,16,0,0,0,0,0,0,0,0,0,0,-14,0,-29,-34,-15,-9,-22,-17,-29,-20,-26,-29,-43,-46,-43,-43,-72,-69,-79,-82,-75,-76,-81,-84,-112,-101,-120,-133,-189,-178,-169,-113,-224,-200,-313,-232,-370,-363,-419,-402,-441,-441,-437,-435,-461,-450,-472,-463,-470,-470,-443,-448,-464,-457,-653,-657,-700,-660,-614,-447,-732,-732,-697,-685,-629,-427,-1216,-1196,-1077,-1064,-29997,-29998,-29998,-29999]} 1. e4 c5 2. Nf3 d6 3. Bb5+ Nd7 4. d4 cxd4 5. Qxd4 a6 6. Bxd7+ Bxd7 7. Nc3 e5 8. Qd3 {B51: Sicilian: Moscow Variation (3 Bb5+) without 3...Bd7} Rc8 9. Nd2 (9. O-O h6 10. Nd2 Qc7 11. h3 Nf6 12. a4 Be7 13. Rd1 O-O 14. Nf1 Be6 15. Ne3 Qc5 {½-½ (37) Nepomniachtchi,I (2773)-Wojtaszek,R (2724) Moscow 2019}) 9... Qc7 10. a4 $146 {The position is equal.} ({Predecessor:} 10. Nf1 Be6 11. Ne3 Nf6 12. O-O Be7 13. a4 O-O 14. Rd1 {½-½ (26) Mozharov,M (2542)-Nasanjargal,U (2454) Pardubice 2018}) 10... Nf6 11. O-O Be7 12. Rd1 O-O 13. Nf1 d5 14. exd5 {Strongly threatening d6.} Ne8 15. d6 Bxd6 ({Don't go for} 15... Nxd6 $2 16. Nd5 $18) 16. Ne4 {[%cal Re4d6]} Bf5 17. Ne3 (17. Nf6+ $5 Nxf6 18. Qxf5 $11) 17... Bxe4 18. Qxe4 Nf6 $36 {[%mdl 2048] Black has some pressure.} 19. Qh4 Rfd8 20. Bd2 Bc5 {Black wants to play ...Bxe3.} 21. Nf5 Bf8 22. c3 Qd7 23. Ne3 Qe6 24. h3 Qb3 25. Rab1 Rd3 {Threatens to win with ...Rcd8.} 26. Be1 Rxd1 27. Rxd1 Qxb2 28. Qg5 Qb3 29. c4 Qxa4 30. Nf5 {[#]} (30. Qxe5 $17 Rxc4 31. Rd8) 30... g6 $1 $19 ({Worse is} 30... Qxd1 31. Nh6+ Kh8 32. Nxf7+ Kg8 33. Nh6+ Kh8 34. Nf7+ Kg8 35. Nh6+ Kh8 36. Nf7+ $11) ({Inferior is} 30... Qxc4 {[#]} 31. Rc1 $1 $11 {[%mdl 512]}) 31. Ne3 Bg7 (31... Nd7 $19 32. Bc3 Re8) 32. Bc3 (32. Rb1 $17 {might work better.}) 32... Re8 33. Qh4 (33. Be1 $142) 33... h6 {aiming for ...g5.} 34. Be1 (34. f3 {is a better defense.}) 34... b5 35. f3 Qb3 36. Bf2 e4 37. cxb5 Qxb5 38. f4 a5 {[%cal Ba6a5,Ba5a4,Ba4a3][%mdl 32]} 39. f5 g5 40. Qg3 a4 41. Qd6 Qb3 42. Qa6 {White hopes to continue with Ra1.} Rb8 43. Rd4 (43. Qc4 $142) 43... a3 44. Ra4 Bf8 45. Kh2 Qb6 46. Rxa3 (46. Qxb6 $142 Rxb6 47. Ra8) 46... Bd6+ 47. Kg1 Bxa3 48. Qxa3 Qb2 49. Qd6 (49. Qxb2 $142 Rxb2 50. Kf1) 49... Qa1+ 50. Kh2 Rb1 {( -> ...Rh1+)} 51. Nd5 Rh1+ 52. Kg3 Nh5+ 0-1

[Event "FIDE Chesscom Grand Swiss 2019"]
[Site "Douglas-Isle of Man"]
[Date "2019.10.17"]
[Round "7.32"]
[White "Rakhmanov, Aleksandr"]
[Black "Sjugirov, Sanan"]
[Result "1/2-1/2"]
[WhiteElo "2621"]
[BlackElo "2662"]
[Annotator "TA"]
[PlyCount "61"]
[EventDate "2019.10.10"]
[EventType "swiss"]
[EventCountry "GBR"]
[SourceTitle "playchess.com"]
[Source "ChessBase"]
[SourceQuality "1"]

{[%evp 18,61,0,0,0,0,0,0,0,-37,-43,-38,-34,-40,-44,-66,-37,-46,-15,-54,0,-17,-4,-4,-1,-2,0,0,0,0,0,0,0,0,55,0,0,0,0,0,0,0,0,0,0,0]} 1. Nf3 d5 2. g3 Nf6 3. Bg2 c6 4. d4 Bf5 5. c4 e6 6. Nc3 h6 7. Qb3 Qb6 8. c5 Qxb3 9. axb3 Be7 10. O-O O-O {D11: Slav Defence: 3 Nf3 sidelines and 3...Nf6 4 e3 Bg4} (10... Na6 11. Ne5 Nc7 12. f3 Nd7 13. Nxd7 Kxd7 14. e4 Bh7 15. b4 a6 16. Na4 Rae8 17. Nb6+ Kd8 18. Be3 {½-½ (57) Muse,M (2379)-Johansson,L (2399) Germany 2016}) 11. b4 a6 12. Ne5 Nbd7 13. f4 Rad8 $146 ({Predecessor:} 13... Rfd8 14. h3 Nxe5 15. fxe5 Ne8 16. g4 Bg6 17. Bf4 Nc7 18. e3 Nb5 19. Na4 {1-0 (60) Volfl,Z (2250)-Mertens,P (2006) Germany 2008}) 14. h3 Nxe5 15. fxe5 Ne4 16. g4 Bg6 17. Bf4 f5 18. Nxe4 fxe4 ({Better is} 18... dxe4 $15 19. e3 Bf7) 19. Bd2 Bh4 20. Rxf8+ Rxf8 21. Rf1 Rf7 (21... Rb8 {seems wilder.} 22. e3 h5 23. Bc3 Be7 24. Be1 Ra8) 22. Rxf7 Kxf7 $11 {[%mdl 4096] Endgame KBB-KBB} 23. Kf1 h5 24. e3 Bh7 25. gxh5 Bf5 (25... Bg5 $1 $11) 26. Kg1 (26. Be1 $1 $14 Bg5 27. Bf2) 26... Kg8 {The position is equal.} 27. Bf1 Kh7 28. Kg2 Kh6 29. Be2 Kg5 30. Bc3 Kh6 31. Bd2 {Accuracy: White = 56%, Black = 84%.} 1/2-1/2

[Event "FIDE Chesscom Grand Swiss 2019"]
[Site "Douglas-Isle of Man"]
[Date "2019.10.15"]
[Round "7.32"]
[White "Boruchovsky, Avital"]
[Black "Gavrilescu, David"]
[Result "1/2-1/2"]
[WhiteElo "2533"]
[BlackElo "2451"]
[Annotator "ChessBase"]
[PlyCount "109"]
[EventDate "2019.10.10"]
[EventType "swiss"]
[EventCountry "GBR"]
[SourceTitle "playchess.com"]
[Source "ChessBase"]
[SourceQuality "1"]
[TimeControl "40/6000+30:20/3000+30:900+30"]

1. Nf3 {[%emt 0:00:00]} d5 {[%emt 0:00:00]} 2. g3 {[%emt 0:00:00]} Nf6 {[%emt 0:00:31]} 3. Bg2 {[%emt 0:00:00]} c5 {[%emt 0:00:48]} 4. O-O {[%emt 0:00:08]} e6 {[%emt 0:00:27]} 5. d4 {[%emt 0:02:23]} cxd4 {[%emt 0:00:58]} 6. Nxd4 {[%emt 0:00:05]} e5 {[%emt 0:00:40]} 7. Nb3 {[%emt 0:00:25]} Be6 {[%emt 0:00:35]} 8. Nc3 {[%emt 0:01:55]} Be7 {[%emt 0:00:38]} 9. Bg5 {[%emt 0:03:02]} Nbd7 {[%emt 0:00:27]} 10. f4 {[%emt 0:06:00]} exf4 {[%emt 0:03:40]} 11. Bxf4 {[%emt 0:00:14]} Qb6+ {[%emt 0:06:47]} 12. Kh1 {[%emt 0:01:58]} Rd8 {[%emt 0:01:37]} 13. a4 {[%emt 0:09:45]} O-O {[%emt 0:08:46]} 14. a5 {[%emt 0:02:35]} Qa6 {[%emt 0:01:05]} 15. Qd3 {[%emt 0:00:27]} Nc5 {[%emt 0:13:20]} 16. Qxa6 {[%emt 0:16:51]} Nxa6 {[%emt 0:02:34]} 17. Nd4 {[%emt 0:07:31]} Nb4 {[%emt 0:04:51]} 18. Ncb5 {[%emt 0:02:24]} Bd7 {[%emt 0:03:27]} 19. c3 {[%emt 0:04:39]} Nc6 {[%emt 0:02:22]} 20. a6 {[%emt 0:02:58]} bxa6 {[%emt 0:12:14]} 21. Rxa6 {[%emt 0:00:59]} Nxd4 {[%emt 0:00:20]} 22. Nxd4 {[%emt 0:00:06]} Bc5 {[%emt 0:00:10]} 23. Bc7 {[%emt 0:07:31]} Rde8 {[%emt 0:03:53]} 24. Re1 {[%emt 0:26:08]} Ne4 {[%emt 0:11:25]} 25. b4 {[%emt 0:03:19]} Bxd4 {[%emt 0:17:30]} 26. cxd4 {[%emt 0:00:02]} Ra8 {[%emt 0:03:46]} 27. Rea1 {[%emt 0:03:57]} Bb5 {[%emt 0:03:37]} 28. Rxa7 {[%emt 0:00:07]} Rxa7 {[%emt 0:00:04]} 29. Rxa7 {[%emt 0:00:06]} Bxe2 {[%emt 0:00:04]} 30. Ra5 {[%emt 0:00:06]} Nc3 {[%emt 0:00:42]} 31. Bf4 {[%emt 0:02:18]} Bc4 {[%emt 0:00:22]} 32. Rc5 {[%emt 0:00:52]} Re8 {[%emt 0:00:11]} 33. h3 {[%emt 0:00:24]} h6 {[%emt 0:00:47]} 34. g4 {[%emt 0:02:29]} Re1+ {[%emt 0:01:20]} 35. Kh2 {[%emt 0:00:02]} Rd1 {[%emt 0:00:19]} 36. Bg3 {[%emt 0:03:36]} Ne2 {[%emt 0:02:55]} 37. b5 {[%emt 0:00:58]} Rb1 {[%emt 0:01:14]} 38. Rc8+ {[%emt 0:00:29]} Kh7 {[%emt 0:00:07]} 39. Rxc4 {[%emt 0:00:07]} Nxg3 {[%emt 0:01:16]} 40. Rc5 {[%emt 0:00:45]} Ne2 {[%emt 0:00:32]} 41. Bxd5 {[%emt 0:52:15]} Rb2 {[%emt 0:05:44]} 42. Be4+ {[%emt 0:00:00]} g6 {[%emt 0:06:44]} 43. Rc2 {[%emt 0:00:00]} Rxc2 {[%emt 0:01:11]} 44. Bxc2 {[%emt 0:00:00]} Nxd4 {[%emt 0:00:14]} 45. Ba4 {[%emt 0:00:00]} Nxb5 {[%emt 0:02:39]} 46. Bxb5 {[%emt 0:00:00]} h5 {[%emt 0:00:08]} 47. Kg3 {[%emt 0:00:00]} hxg4 {[%emt 0:01:55]} 48. hxg4 {[%emt 0:00:00]} Kh6 {[%emt 0:00:15]} 49. Kf4 {[%emt 0:00:00]} f6 {[%emt 0:00:17]} 50. Bd7 {[%emt 0:00:00]} Kg7 {[%emt 0:00:09]} 51. Ke3 {[%emt 0:00:00]} Kh6 {[%emt 0:00:05]} 52. Kf4 {[%emt 0:00:00]} Kg7 {[%emt 0:00:04]} 53. Bb5 {[%emt 0:00:00]} Kh6 {[%emt 0:00:02]} 54. Bd3 {[%emt 0:00:00]} Kg7 {[%emt 0:00:04]} 55. Bc2 {[%emt 0:00:00]} 1/2-1/2

[Event "FIDE Chesscom Grand Swiss 2019"]
[Site "Douglas-Isle of Man"]
[Date "2019.10.17"]
[Round "7.33"]
[White "Harikrishna, Pentala"]
[Black "Puranik, Abhimanyu"]
[Result "1/2-1/2"]
[WhiteElo "2748"]
[BlackElo "2571"]
[Annotator "TA"]
[PlyCount "112"]
[EventDate "2019.10.10"]
[EventType "swiss"]
[EventCountry "GBR"]
[SourceTitle "playchess.com"]
[Source "ChessBase"]
[SourceQuality "1"]

{[%evp 17,112,0,0,-13,-14,-40,-32,-32,-33,-36,-41,-37,-33,-41,-49,-50,-50,-73,-56,-57,-50,-47,-50,-57,-54,-73,0,0,0,0,0,0,0,0,0,0,0,0,0,0,0,0,34,35,40,37,40,37,118,131,289,314,312,124,135,9,9,13,9,14,9,9,9,9,9,9,9,9,9,9,9,9,9,9,14,14,14,17,17,14,14,0,31,29,11,22,29,0,0,0,0,0,0,0,0,0,0]} 1. Nf3 Nf6 2. c4 c5 3. Nc3 d5 4. cxd5 Nxd5 5. g3 Nc6 6. Bg2 Nc7 7. O-O g6 8. d3 Bg7 9. Be3 b6 10. a4 {A34: Symmetrical English: 2 Nc3, lines with ...d5} (10. Ng5 Bd7 11. Qa4 Na5 12. Qf4 f6 13. Nd5 Rc8 14. Nxc7+ Qxc7 15. Qxc7 Rxc7 16. Ne4 f5 17. Nc3 Bc6 {½-½ (54) Blomqvist,E (2492)-Timman,J (2615) Malmo 2014}) 10... O-O 11. Nd2 Bd7 12. Nc4 {Black is slightly better.} Rb8 13. Nb5 $146 ({Predecessor:} 13. Bf4 Re8 14. Nd5 e5 15. Bg5 f6 16. Bd2 Nd4 17. e3 Nxd5 18. exd4 {1-0 (46) Franke,R (2290)-Panzer,P (2420) Germany 1994}) 13... a6 14. Nxc7 Qxc7 15. Bf4 e5 16. Bd2 Be6 17. a5 b5 18. Nb6 Rfd8 19. Rc1 Nd4 20. Bg5 Rd6 21. Be3 Nb3 ({Black should try} 21... Rbd8 $17) 22. Bxc5 $1 $11 Nxc1 23. Qxc1 Rdd8 24. Qe3 f5 25. d4 Bf7 {[%cal Re5d4]} 26. d5 e4 27. Rd1 $1 Bxb2 {And now ...Qe5 would win.} 28. d6 Qc6 29. d7 Be5 30. Be7 Bc7 {[%cal Rc7b6]} 31. Bxd8 Rxd8 32. f3 {[%cal Rf3e4]} b4 (32... Bd6 $14 33. Kh1 (33. fxe4 $2 Bc5 $19) 33... Bc5) 33. fxe4 $16 fxe4 $2 {[#]} (33... Qc3 $16 34. Qxc3 bxc3) 34. Bxe4 $18 ({Not} 34. Qxe4 Bxb6+ 35. axb6 Qxb6+ 36. e3 Qc5 $11) 34... Qe6 35. Qd4 $2 (35. Rc1 $18 {has better winning chances.} Qd6 36. Rc6) 35... b3 $16 36. Bd5 (36. Qc5 $16 Qxe4 37. Qxc7 Qe3+ 38. Kf1) 36... Bxb6 $1 $11 37. axb6 Qxd5 38. Qxd5 Bxd5 39. Rxd5 {[%mdl 4096] Endgame KR-KR} b2 40. Rd1 Rxd7 $1 41. Rb1 Rb7 42. Rxb2 Kf7 43. Kf2 Ke6 44. e4 Kd6 45. Ke3 Kc5 46. Rc2+ Kd6 $1 47. Rd2+ Kc5 48. Kf4 Rxb6 49. Rd7 h5 50. e5 Rb4+ 51. Kg5 {[#] Black must now prevent e6.} Rb6 52. Rg7 Kd5 {The position is equal.} 53. Kf4 ({Wrong is} 53. Rxg6 $2 Rxg6+ 54. Kxg6 Ke6 $19) 53... Rb4+ 54. Kf3 Rb3+ 55. Kf4 Rb4+ 56. Kf3 Rb3+ {Accuracy: White = 64%, Black = 69%.} 1/2-1/2

[Event "FIDE Chesscom Grand Swiss 2019"]
[Site "Douglas-Isle of Man"]
[Date "2019.10.15"]
[Round "7.33"]
[White "Henderson de La Fuente, Lance"]
[Black "Rakotomaharo, Fy Antenaina"]
[Result "1/2-1/2"]
[WhiteElo "2494"]
[BlackElo "2428"]
[Annotator "RC"]
[PlyCount "74"]
[EventDate "2019.10.10"]
[EventType "swiss"]
[EventCountry "GBR"]
[SourceTitle "playchess.com"]
[Source "ChessBase"]
[SourceQuality "1"]
[TimeControl "40/6000+30:20/3000+30:900+30"]

1. e4 {[%emt 0:00:00]} e5 {[%emt 0:00:00]} 2. Nf3 {[%emt 0:00:00]} Nc6 {[%emt 0:00:00]} 3. Bb5 {[%emt 0:00:00]} a6 {[%emt 0:00:03]} 4. Ba4 {[%emt 0:00:03]} d6 {[%emt 0:00:27]} 5. c3 {[%emt 0:01:05]} f5 {[%emt 0:00:44]} 6. exf5 {[%emt 0:01:38]} Bxf5 {[%emt 0:00:08]} 7. O-O {[%emt 0:00:16]} Bd3 {[%emt 0:00:22]} 8. Re1 {[%emt 0:00:13]} Be7 {[%emt 0:00:06]} 9. Bc2 {[%emt 0:03:08]} Bxc2 {[%emt 0:00:52]} 10. Qxc2 {[%emt 0:00:08]} Nf6 {[%emt 0:00:04]} 11. d4 {[%emt 0:00:51]} e4 {[%emt 0:01:04]} 12. Nfd2 {[%emt 0:01:48]} d5 {[%emt 0:01:42]} 13. f3 {[%emt 0:00:34]} exf3 {[%emt 0:07:22]} 14. Nxf3 {[%emt 0:03:43]} O-O {[%emt 0:00:10]} 15. Bg5 {[%emt 0:03:07]} Qd7 {[%emt 0:04:25]} 16. Nbd2 {[%emt 0:00:44]} Rae8 {[%emt 0:01:35]} 17. Re2 {[%emt 0:03:13]} h6 {[%emt 0:33:58]} 18. Bxf6 {[%emt 0:11:55]} Bxf6 {[%emt 0:00:33]} 19. Rae1 {[%emt 0:00:25]} Rxe2 {[%emt 0:01:29]} 20. Rxe2 {[%emt 0:00:07]} Ne7 {[%emt 0:00:16]} 21. Qb3 {[%emt 0:02:39]} Qb5 {[%emt 0:04:26]} 22. Re1 {[%emt 0:01:12]} Nc8 {[%emt 0:08:44]} 23. a4 {[%emt 0:02:09]} Qxb3 {[%emt 0:03:54]} 24. Nxb3 {[%emt 0:00:09]} Nd6 {[%emt 0:01:28]} 25. Nc5 {[%emt 0:07:56]} a5 {[%emt 0:01:03]} 26. b4 {[%emt 0:02:50]} axb4 {[%emt 0:08:10]} 27. cxb4 {[%emt 0:00:07]} Ra8 {[%emt 0:00:11]} 28. a5 {[%emt 0:02:51]} b6 {[%emt 0:05:56]} 29. axb6 {[%emt 0:05:08]} cxb6 {[%emt 0:00:04]} 30. Nd7 {[%emt 0:00:15]} Ra4 {[%emt 0:01:46]} 31. Nxb6 {[%emt 0:14:39]} Rxb4 {[%emt 0:00:40]} 32. Nxd5 {[%emt 0:00:09]} Bxd4+ {[%emt 0:00:16]} 33. Kf1 {[%emt 0:00:29]} Ra4 {[%emt 0:00:19]} 34. Ne7+ {[%emt 0:08:04]} Kh7 {[%emt 0:00:43]} 35. Nxd4 {[%emt 0:01:57]} Rxd4 {[%emt 0:00:09]} 36. Nc6 {[%emt 0:00:07]} Rf4+ {[%emt 0:00:14]} 37. Kg1 {[%emt 0:00:08]} Re4 {[%emt 0:00:16]} 1/2-1/2

[Event "FIDE Chesscom Grand Swiss 2019"]
[Site "Douglas-Isle of Man"]
[Date "2019.10.17"]
[Round "7.34"]
[White "Shankland, Sam"]
[Black "Mareco, Sandro"]
[Result "1/2-1/2"]
[WhiteElo "2705"]
[BlackElo "2634"]
[Annotator "TA"]
[PlyCount "120"]
[EventDate "2019.10.10"]
[EventType "swiss"]
[EventCountry "GBR"]
[SourceTitle "playchess.com"]
[Source "ChessBase"]
[SourceQuality "1"]

{[%evp 14,120,39,32,36,33,20,27,32,13,43,36,34,40,37,37,38,30,36,36,43,4,28,0,0,0,0,0,0,-33,-16,-30,-23,-55,-23,-37,0,0,0,0,0,0,0,0,0,0,0,-35,-35,-34,-39,-35,-49,-35,-7,-8,0,0,0,0,23,23,21,24,90,83,84,83,106,109,89,93,112,112,122,101,129,100,141,141,150,102,103,75,72,80,84,25,25,20,21,20,65,24,33,19,17,19,25,14,75,9,40,13,40,8,8,8,8]} 1. e4 e5 2. Nf3 Nc6 3. Bb5 a6 4. Ba4 Nf6 5. O-O b5 6. Bb3 Bb7 7. d3 Be7 8. c4 O-O {C84: Closed Ruy Lopez: Unusual White 6th moves} 9. Nc3 bxc4 10. Bxc4 (10. dxc4 Bc5 11. Ba4 d6 12. Bxc6 Bxc6 13. Qd3 Rb8 14. Rb1 a5 15. Bg5 h6 16. Bh4 {0-1 (56) Liang,A (2592)-Sheng,J (2449) Saint Louis 2019}) 10... d6 {White has an edge.} 11. a3 Na5 12. Ba2 c5 13. b4 cxb4 14. axb4 Nc6 {[%cal Ba5c6,Bc6a7,Ba7b5][%mdl 32]} 15. Nd5 Rb8 16. Bd2 $146 ({Predecessor:} 16. Rb1 Na7 17. Nxf6+ Bxf6 {1-0 (35) Neukirch,D (2310)-Kahlert,T (2280) Germany 1996}) 16... Na7 17. Qa4 Nb5 18. Rfc1 (18. Nxe7+ {keeps more tension.} Qxe7 19. Rfe1 Rfc8 20. Bb3 h6 21. Qa2) 18... Nxd5 19. Bxd5 Bxd5 20. exd5 f5 21. Rc4 Bf6 22. Rac1 Ra8 23. Be3 Qe8 24. Qa2 Qf7 25. Rc6 h6 26. h3 Kh7 27. Kh1 Rfe8 28. Nd2 Re7 29. Rb6 Ree8 30. Rxa6 Rxa6 31. Qxa6 Qxd5 32. Qc6 Qxc6 33. Rxc6 Ra8 {Threatening ...f4.} 34. Rb6 Ra1+ 35. Kh2 Nc3 {...f4 is the strong threat.} 36. Rxd6 Rd1 {Strongly threatening ...f4.} 37. Nc4 e4 38. g3 {And now dxe4 would win.} Rxd3 (38... exd3 $11 {keeps the balance.} 39. Kg2 Ne4) 39. Rxd3 $16 exd3 $11 {[%mdl 4096] Endgame KBN-KBN} 40. Nb2 d2 41. Bxd2 Ne4 {[#]} 42. Bc1 $1 Nxf2 43. b5 {[%cal Bb4b5,Bb5b6][%mdl 32]} Ne4 44. Nc4 Bd8 45. Kg2 g5 46. b6 Nc5 47. Kf3 Kg6 48. Be3 Nd7 49. b7 Bc7 50. Bd4 ({White should play} 50. Nb6 $16 Ne5+ 51. Kg2) 50... Kf7 51. Nb6 Nb8 $1 52. Nd5 Bd6 53. Ne3 (53. Nc3 $5 {[%cal Rc3b5]}) 53... Ke6 54. g4 fxg4+ 55. Kxg4 Nc6 56. Bb6 Kd7 {[#]} (56... Ne5+ $11 {remains equal.} 57. Kh5 Bb8) 57. Nc4 (57. Nf5 $1 $16 {[%cal Rf5d6]} Ne5+ 58. Kh5) 57... Bh2 58. Kh5 Nd8 59. Bg1 Bf4 60. Na5 {aiming for Ba7.} Kc7 {Accuracy: White = 47%, Black = 60%.} 1/2-1/2

[Event "FIDE Chesscom Grand Swiss 2019"]
[Site "Douglas-Isle of Man"]
[Date "2019.10.15"]
[Round "7.34"]
[White "Danielian, Elina"]
[Black "Prithu Gupta"]
[Result "1-0"]
[WhiteElo "2385"]
[BlackElo "2493"]
[Annotator "ChessBase"]
[PlyCount "37"]
[EventDate "2019.10.10"]
[EventType "swiss"]
[EventCountry "GBR"]
[SourceTitle "playchess.com"]
[Source "ChessBase"]
[SourceQuality "1"]
[TimeControl "40/6000+30:20/3000+30:900+30"]

1. d4 {[%emt 0:00:00]} Nf6 {[%emt 0:00:00]} 2. c4 {[%emt 0:00:00]} e6 {[%emt 0:00:00]} 3. Nc3 {[%emt 0:00:00]} Bb4 {[%emt 0:00:00]} 4. Qc2 {[%emt 0:00:00]} d5 {[%emt 0:00:00]} 5. cxd5 {[%emt 0:00:01]} exd5 {[%emt 0:00:00]} 6. Bf4 {[%emt 0:00:13]} Nc6 {[%emt 0:12:19]} 7. e3 {[%emt 0:04:19]} Ne4 {[%emt 0:09:17]} 8. Bd3 {[%emt 0:03:18]} g5 {[%emt 0:04:53]} 9. Bg3 {[%emt 0:05:03]} Bf5 {[%emt 0:00:39]} 10. Nge2 {[%emt 0:03:29]} Qe7 {[%emt 0:04:51]} 11. a3 {[%emt 0:08:25]} h5 {[%emt 0:27:06]} 12. axb4 {[%emt 0:14:10]} Nxb4 {[%emt 0:03:11]} 13. Qa4+ {[%emt 0:00:15]} Bd7 {[%emt 0:00:48]} 14. Qd1 {[%emt 0:01:21]} h4 {[%emt 0:02:22]} 15. Be5 {[%emt 0:06:15]} f6 {[%emt 0:00:44]} 16. Bxc7 {[%emt 0:02:13]} Bf5 {[%emt 0:02:48]} 17. Bb5+ {[%emt 0:14:05]} Kf7 {[%emt 0:00:19]} 18. Ba5 {[%emt 0:09:18]} h3 {[%emt 0:00:55]} 19. Qb3 {[%emt 0:07:51] Ke8} 1-0